India 2004 Business directory: The address book for business people (Record no. 42350)
[ view plain ]
| 000 -LEADER | |
|---|---|
| fixed length control field | 00302nam a2200097Ia 4500 |
| 082 ## - DEWEY DECIMAL CLASSIFICATION NUMBER | |
| Classification number | 058:658.114(540) |
| Item number | IND |
| 245 #0 - TITLE STATEMENT | |
| Title | India 2004 Business directory: The address book for business people |
| 260 ## - PUBLICATION, DISTRIBUTION, ETC. (IMPRINT) | |
| Place of publication | New Delhi |
| Name of publisher | Amelia Publications |
| Year of publication | 2004 |
| 942 ## - ADDED ENTRY ELEMENTS (KOHA) | |
| Koha item type | Books |
| Withdrawn status | Lost status | Damaged status | Not for loan | Home library | Current library | Date acquired | Cost, normal purchase price | Full call number | Accession Number | Koha item type |
|---|---|---|---|---|---|---|---|---|---|---|
| RRII Library | RRII Library | 16/12/2021 | 1800.00 | 058:658.114(540) IND | 22624 | Books |